00358nam a2200133Ia 4500003000900000008004100009040001600050080001500066100001900081245005600100260003400156300001000190650002400200IN-BaIIA211028s9999 xx 000 0 eng d cIIA Library a521.1bAND aAndoyer, M. H. 0aCours de mecanique celestebvol. IIcM. H. Andoyer  aParisbGauthier Villarsc1926 a445p. aCelestial mechanics